000 00211 a2200097 4500
001 45912
100 _aMackenzie F
245 _aThe amateur actor
260 _aLondon
_bThomas nelson
_c
090 _c29020
_d29020
942 _aNUST-CAE
_cM
_c21137
999 _c280985
_d280985